| 000 | 00390nam a2200157Ia 4500 | ||
|---|---|---|---|
| 008 | 250916s9999 xx 000 0 und d | ||
| 020 | _a978-1-032-12286-1 | ||
| 082 | _a006.6 MAR | ||
| 100 | _aMarschner, Steve | ||
| 245 | 0 | _aFundamentals of computer graphics | |
| 250 | _a5th | ||
| 260 |
_aNew York: _bCRC Press, _c2022 |
||
| 300 | _a700 p. | ||
| 600 | _aComputer Science | ||
| 942 | _cBK | ||
| 999 |
_c31641 _d31641 |
||